2025-2026 Chicago Bears Roster - Statistics

General Stats
  • This quiz has been taken 265 times
  • The average score is 26 of 51
Answer Stats
Position Name % Correct
Quarterback Caleb Williams
100%
Running Back D’Andre Swift
95%
Wide Receiver D. J. Moore
93%
Wide Receiver Rome Odunze
93%
Tight End Colston Loveland
90%
Quarterback Tyson Bagent
88%
Tight End Cole Kmet
87%
Running Back Kyle Monangai
87%
Wide Receiver Luther Burden III
85%
Cornerback Jaylon Johnson
78%
Offensive Lineman Joe Thuney
77%
Defensive Lineman Chris Williams
75%
Quarterback Case Keenum
74%
Safety C. J. Gardner-Johnson
73%
Offensive Lineman Darnell Wright
73%
Cornerback Nahshon Wright
73%
Placekicker Cairo Santos
69%
Wide Receiver Jahdae Walker
69%
Linebacker D’Marco Jackson
63%
Linebacker T. J. Edwards
63%
Offensive Lineman Drew Dalman
62%
Punter Tory Taylor
62%
Tight End Durham Smythe
61%
Cornerback Kevin Byard III
60%
Defensive Lineman Montez Sweat
59%
Cornerback Jaquan Brisker
58%
Wide Receiver Devin Duvernay
57%
Offensive Lineman Ozzy Trapilo
51%
Cornerback Tyrique Stevenson
49%
Cornerback Jaylon Jones
46%
Defensive Lineman Andrew Billings
45%
Defensive Lineman Austin Booker
41%
Defensive Lineman Gervon Dexter Sr.
41%
Offensive Lineman Theo Benedet
40%
Defensive Lineman Grady Jarrett
35%
Linebacker Noah Sewell
34%
Safety Jonathan Owens
29%
Wide Receiver Olamide Zacchaeus
25%
Cornerback Nick McCloud
23%
Linebacker Ruben Hyppolite II
23%
Long Snapper Scott Daly
22%
Defensive Lineman Dominique Robinson
19%
Cornerback Josh Blackwell
16%
Cornerback Elijah Hicks
14%
Offensive Lineman Jordan McFadden
12%
Offensive Lineman Ryan Bates
11%
Linebacker Amen Ogbongbemiga
9%
Defensive Lineman Daniel Hardy
7%
Linebacker Jalen Reeves-Maybin
4%
Defensive Lineman Joe Tryon-Shoyinka
4%
Defensive Lineman Jonathan Ford
4%
No matching quizzes found
Score Distribution
Percent of People with Each Score
Percentile by Number Answered
Your Score History
You have not taken this quiz